• 首页
  • 本馆介绍
  • 公告通知
  • 最新文献
  • 馆藏检索
  • 电子资源
  • 读者导购
  • 参考咨询
  • 我的图书馆
  • 登录
  • 详细信息显示
  • 放入我的书架
  • 预约/预借图书
  • 作者相关作品
  • 分类相关作品
  • 丛书相关作品
  • 出版社相关作品

书目信息

  • 表格格式
  • 工作单格式
  • 卡片格式
题名:
学校供餐计划评估框架研究
    
 
作者: 程蓓 著
分册:  
出版信息: 长春   吉林出版集团股份有限公司  2019
页数: 192页
开本: 24cm
丛书名:
单 册:
中图分类: G474
科图分类:
主题词: 学校--xue xiao--膳食--后勤供应--计划--评估
电子资源:
ISBN: 978-7-5581-6456-9
000 00820nam0 2200253 450
001 012001002069
005 20131027160638.0
010    @a978-7-5581-6456-9@dCNY49.80
099    @aCAL 012019068956
100    @a20190528d2019 em y0chiy50 ea
101 0  @achi
102    @aCN@b220000
105    @aak a 000yy
106    @ar
200 1  @a学校供餐计划评估框架研究@Axue xiao gong can ji hua ping gu kuang jia yan jiu@f程蓓著
210    @a长春@c吉林出版集团股份有限公司@d2019
215    @a192页@c图@d24cm
300    @a中国教育科学研究院中央级科研院所基本科研业务费专项资助项目 批准号:GYD2018010
320    @a有书目 (第179-192页)
606 0  @a学校@Axue xiao@x膳食@x后勤供应@x计划@x评估
690    @aG474@v5
701  0 @a程蓓@Acheng bei@4著
801  0 @aCN@b江苏凤凰@c20191020
905    @b1228135-8@dG474@e185@f4
    
    学校供餐计划评估框架研究/程蓓著.-长春:吉林出版集团股份有限公司,2019
    192页:图;24cm
    中国教育科学研究院中央级科研院所基本科研业务费专项资助项目 批准号:GYD2018010
    
    ISBN 978-7-5581-6456-9:CNY49.80
    
●
相关链接 在E读中查询图书 在五车中查询图书 在当当中查询图书 在豆瓣中查询图书


正题名:学校供餐计划评估框架研究     索取号:G474/185         预约/预借

序号 登录号 条形码 馆藏地/架位号 状态 备注
1 1228135   212281350   第一样本阅览室/ [索取号:G474/185] 在馆    
2 1228136   212281369   教育系资料室/ [索取号:G474/185] 在馆    
3 1228137   212281378   教育系资料室/ [索取号:G474/185] 在馆    
4 1228138   212281387   第四借阅区/ [索取号:G474/185] 在馆    
唐山师范学院图书馆 欢迎您!
大连网信软件有限公司© 版权所有